00839nam a2200241 a 450000100060000000300080000600500170001400800410003102000210007203500190009304000270011204100080013908200260014710000550017324500780022825000120030626000330031830000300035150400510038150501110043265000290054370000250057235099BD-RjUL20211209052247.0160717s1979 enka b 00110 eng d a0852642555 (v.2) a(BD-RjUL)35193 aDLCbengcDLCdBD-RjUL aeng00a519219bKEA V-2 19791 aKendall, Maurice G.q(Maurice George),d1907-1983.14aThe advanced theory of statistics /cSir Maurice Kendall and Alan Stuart. a4th ed.0 aLondon :bC. Griffin,c1979. ax, 748 p. :bill.c25 cm. aIncludes bibliographical references and index.0 av.1. Distribution theory. -- v.2. Inference and relationship. -- v.3. Design and analysis and time-series. 0aMathematical statistics.10aStuart, Alan,d1922-